[Event "GER-ch Seniors 65"]
[Site "Hamburg"]
[Date "2018.07.27"]
[Round "7"]
[White "Zunker, Reinhard"]
[Black "Zotin, Vladimir"]
[Result "0-1"]
[WhiteElo "2024"]
[BlackElo "1815"]
[PlyCount "80"]
[EventDate "2018.07.21"]
[EventType "swiss"]
[EventRounds "9"]
[EventCountry "GER"]
[SourceTitle "CBM 186 Extra"]
[Source "ChessBase"]
[SourceDate "2018.08.24"]
[SourceVersion "1"]
[SourceVersionDate "2018.08.24"]
[SourceQuality "1"]

1. e4 c5 2. Nf3 Nc6 3. b3 d6 4. Bc4 e6 5. 0-0 Be7 6. Re1 Bf6 7. c3 Nge7 8. d4 Qc7 9. Na3 a6 10. Nc2 b5 11. Bf1 Bb7 12. Bb2 0-0 13. Ne3 g6 14. Rc1 Bg7 15. Qd2 Rad8 16. c4 b4 17. h3 e5 18. Nd5 Nxd5 19. cxd5 Nxd4 20. Nxd4 exd4 21. Qxb4 Rd7 22. Qd2 Qd8 23. Rc4 Re8 24. Bd3 Qh4 25. Bc1 h6 26. Ra4 Rde7 27. Rf1 g5 28. f4 g4 29. Qf2 g3 30. Qf3 Bc8 31. Bxa6 Bxa6 32. Rxa6 Rxe4 33. Rxd6 Re2 34. f5 d3 35. f6 Bf8 36. Bf4 Bxd6 37. Bxd6 Qd4+ 38. Kh1 R8e3 39. Qf5 Qe4 40. Qc8+ Kh7 0-1

[Event "Niedersachsen-ch op B"]
[Site "Verden"]
[Date "2018.01.06"]
[Round "6"]
[White "Zotin, Vladimir"]
[Black "Henke, Wolfgang"]
[Result "1-0"]
[WhiteElo "1784"]
[BlackElo "1551"]
[PlyCount "71"]
[EventDate "2018.01.04"]
[EventType "swiss"]
[EventRounds "7"]
[EventCountry "GER"]
[SourceTitle "EXT 2022"]
[Source "ChessBase"]
[SourceDate "2021.10.06"]
[SourceVersion "1"]
[SourceVersionDate "2021.10.06"]
[SourceQuality "1"]

1. e4 e5 2. Nf3 Nc6 3. d4 exd4 4. Bc4 Nf6 5. Nxd4 Ne5 6. Bb3 c5 7. Nf5 d6 8. Nc3 Nc6 9. 0-0 Bxf5 10. exf5 Be7 11. Bf4 a6 12. Nd5 Nxd5 13. Qxd5 0-0 14. Rad1 Qb6 15. f6 Bxf6 16. Bxd6 Be7 17. Bxe7 Nxe7 18. Qf3 Qc7 19. c3 Ng6 20. Qg4 Rad8 21. h4 Qf4 22. Qxf4 Nxf4 23. g3 Ng6 24. Rfe1 h5 25. Bd5 Rfe8 26. Bf3 Rxe1+ 27. Rxe1 Rd2 28. Re2 Rd7 29. Bxh5 Ne7 30. Bg4 f5 31. Bf3 Kf7 32. Kf1 Kf6 33. Ke1 g6 34. Rd2 Rc7 35. Rd6+ Ke5 36. Rb6 1-0

[Event "Niedersachsen-ch op B"]
[Site "Verden"]
[Date "2018.01.05"]
[Round "3"]
[White "Roncea, Andrea Alexandra"]
[Black "Zotin, Vladimir"]
[Result "0-1"]
[WhiteElo "1417"]
[BlackElo "1784"]
[PlyCount "152"]
[EventDate "2018.01.04"]
[EventType "swiss"]
[EventRounds "7"]
[EventCountry "GER"]
[SourceTitle "EXT 2022"]
[Source "ChessBase"]
[SourceDate "2021.10.06"]
[SourceVersion "1"]
[SourceVersionDate "2021.10.06"]
[SourceQuality "1"]

1. e4 c5 2. Nf3 g6 3. c3 Nc6 4. Bb5 Qb6 5. Ba4 Bg7 6. 0-0 Nf6 7. Re1 0-0 8. Bc2 d6 9. d3 Bg4 10. Nbd2 Nd7 11. h3 Bxf3 12. Nxf3 Qc7 13. Bf4 e5 14. Be3 Rac8 15. Qd2 Ne7 16. Bh6 b5 17. Bxg7 Kxg7 18. d4 cxd4 19. Bd3 dxc3 20. bxc3 a6 21. Rac1 Nc5 22. Bc2 f6 23. Bb3 Nxb3 24. axb3 Rfd8 25. c4 Qb6 26. cxb5 Qxb5 27. Rxc8 Nxc8 28. Qc3 d5 29. exd5 Qxd5 30. Qc7+ Qd7 31. Qxd7+ Rxd7 32. Ra1 Rd6 33. Rc1 Ne7 34. Rc7 Kf7 35. Rb7 Rd1+ 36. Kh2 e4 37. Ng1 Ke6 38. Ne2 f5 39. Nf4+ Kf7 40. h4 Rd6 41. b4 h6 42. b5 axb5 43. Rxb5 g5 44. hxg5 hxg5 45. Nh3 Kf6 46. g4 Nd5 47. gxf5 Kxf5 48. Kg3 Kg6 49. Kg2 g4 50. Ng1 Nc3 51. Rc5 Rd3 52. Rc6+ Kf5 53. Rc5+ Kf6 54. Rc6+ Kg5 55. Rc5+ Kh4 56. Rc8 Nd5 57. Rh8+ Kg5 58. Rg8+ Kf5 59. Rf8+ Nf6 60. Ne2 e3 61. Ng3+ Ke5 62. fxe3 Rxe3 63. Ra8 Rd3 64. Ra5+ Kd4 65. Ra4+ Ke5 66. Ra5+ Nd5 67. Nf1 Kf4 68. Ra4+ Kg5 69. Ra5 Kh4 70. Ra4 Ne3+ 71. Nxe3 Rxe3 72. Kf2 Rb3 73. Kg2 Rb2+ 74. Kg1 Kh3 75. Ra3+ g3 76. Kf1 Kh2 0-1

[Event "Niedersachsen-ch op-C"]
[Site "Verden"]
[Date "2017.01.07"]
[Round "6"]
[White "Zotin, Vladimir"]
[Black "Dettmer, Niels"]
[Result "0-1"]
[WhiteElo "1917"]
[BlackElo "1856"]
[PlyCount "136"]
[EventDate "2017.01.05"]
[EventType "swiss"]
[EventRounds "7"]
[EventCountry "GER"]
[SourceTitle "CBM 187 Extra"]
[Source "ChessBase"]
[SourceDate "2018.11.04"]
[SourceVersion "1"]
[SourceVersionDate "2018.11.04"]
[SourceQuality "1"]

1. e4 e6 2. d4 d5 3. e5 c5 4. c3 Nc6 5. Nf3 Qb6 6. a3 a5 7. Be2 Bd7 8. 0-0 c4 9. a4 Be7 10. Na3 Nh6 11. b3 Qxb3 12. Qxb3 cxb3 13. Nb5 0-0 14. Rb1 Nf5 15. Rxb3 Rab8 16. Bd2 Rfc8 17. Rfb1 Nd8 18. g4 Nh4 19. Nxh4 Bxh4 20. f4 Be7 21. Kf2 f6 22. Na7 Rc7 23. Bb5 Kf7 24. Bxd7 Rxd7 25. Rb6 Rc7 26. R1b5 Rc4 27. Ke2 Rxa4 28. Nc6 bxc6 29. Rxb8 cxb5 30. Rxb5 Ra2 31. Kd3 a4 32. Ra5 a3 33. h4 fxe5 34. fxe5 Bxh4 35. Ra7+ Kg6 36. Bc1 Rg2 37. Bxa3 Rxg4 38. Bf8 Rg3+ 39. Kc2 Nf7 40. Ra6 Kf5 41. Ra7 Ng5 42. Rxg7 Ne4 43. Rxh7 Rxc3+ 44. Kb2 Be1 45. Rf7+ Kg4 46. Re7 Rc6 47. Rg7+ Kf4 48. Rg6 Bc3+ 49. Kb3 Bxd4 50. Bd6 Kf5 51. Rh6 Nxd6 52. exd6 Rxd6 53. Kc2 Rb6 54. Kd3 e5 55. Rh5+ Kg4 56. Rh7 Rb3+ 57. Ke2 e4 58. Rd7 Rb5 59. Rf7 Rb2+ 60. Kd1 Be5 61. Ke1 d4 62. Kd1 d3 63. Rf8 e3 64. Rc8 Rb1+ 65. Rc1 Rxc1+ 66. Kxc1 Kf3 67. Kd1 d2 68. Kc2 Ke2 0-1

[Event "Niedersachsen-ch op-B"]
[Site "Verden"]
[Date "2016.01.04"]
[Round "3"]
[White "Fischer, Manfred"]
[Black "Zotin, Vladimir"]
[Result "0-1"]
[WhiteElo "1823"]
[BlackElo "1917"]
[PlyCount "34"]
[EventDate "2016.01.03"]
[EventType "swiss"]
[EventRounds "7"]
[EventCountry "GER"]
[SourceTitle "EXT 2018"]
[Source "ChessBase"]
[SourceDate "2017.10.13"]
[SourceVersion "1"]
[SourceVersionDate "2017.10.13"]
[SourceQuality "1"]

1. e4 c5 2. Nf3 d6 3. d4 cxd4 4. Nxd4 g6 5. Nc3 Bg7 6. Be3 Nf6 7. Be2 0-0 8. 0-0 a6 9. h3 b5 10. a3 Bb7 11. f3 Nbd7 12. Qd2 Re8 13. Nd1 Rc8 14. Rc1 d5 15. exd5 Nxd5 16. Bh6 Bf6 17. Bg5 Qb6 0-1

[Event "GER-chB Seniors 27th"]
[Site "Magdeburg"]
[Date "2015.08.16"]
[Round "2"]
[White "Mittelstaedt, Ewald"]
[Black "Zotin, Vladimir"]
[Result "0-1"]
[WhiteElo "1630"]
[BlackElo "1868"]
[PlyCount "61"]
[EventDate "2015.08.15"]
[EventType "swiss"]
[EventRounds "9"]
[EventCountry "GER"]
[SourceTitle "EXT 2018"]
[Source "ChessBase"]
[SourceDate "2017.10.13"]
[SourceVersion "1"]
[SourceVersionDate "2017.10.13"]
[SourceQuality "1"]

1. d4 Nf6 2. Nf3 d5 3. Bg5 Ne4 4. Bf4 c6 5. Nbd2 Nd7 6. e3 Ndf6 7. c3 e6 8. h3 Bd6 9. Ne5 Qc7 10. Bd3 Nxd2 11. Qxd2 Nd7 12. Nxd7 Bxf4 13. Nc5 Bd6 14. Bc2 e5 15. 0-0 0-0 16. b4 Qe7 17. e4 b6 18. Nb3 f5 19. exf5 e4 20. Rfe1 Qh4 21. Qe2 Bxf5 22. Qf1 Rf6 23. Re3 Rg6 24. Bxe4 Bxe4 25. Rxe4 dxe4 26. Kh1 Rf8 27. Qc4+ Kh8 28. Rf1 Rgf6 29. Kg1 e3 30. f4 Rxf4 31. Re1 0-1

[Event "Niedersachsen-ch Seniors 49th"]
[Site "Wesel Undeloh"]
[Date "2015.07.25"]
[Round "7"]
[White "Zotin, Vladimir"]
[Black "Wraga, Teresa"]
[Result "1-0"]
[WhiteElo "1719"]
[BlackElo "1477"]
[PlyCount "45"]
[EventDate "2015.07.19"]
[EventType "swiss"]
[EventRounds "7"]
[EventCountry "GER"]
[SourceTitle "EXT 2018"]
[Source "ChessBase"]
[SourceDate "2017.10.13"]
[SourceVersion "1"]
[SourceVersionDate "2017.10.13"]
[SourceQuality "1"]

1. e4 d6 2. d4 Nf6 3. Bd3 g6 4. f4 Bg7 5. Nf3 0-0 6. c3 c5 7. e5 dxe5 8. dxe5 Nd5 9. a3 e6 10. 0-0 b6 11. c4 Ne7 12. Nc3 Bb7 13. Qe2 a6 14. Be3 Qc7 15. b4 Nf5 16. Bxf5 exf5 17. bxc5 bxc5 18. Rfd1 Nd7 19. Nd5 Bxd5 20. Rxd5 Rfd8 21. Rad1 Bf8 22. Qd2 Rac8 23. Rxd7 1-0

[Event "Niedersachsen-ch Seniors 49th"]
[Site "Wesel Undeloh"]
[Date "2015.07.20"]
[Round "2"]
[White "Schencke, Guenther"]
[Black "Zotin, Vladimir"]
[Result "1/2-1/2"]
[WhiteElo "1591"]
[BlackElo "1719"]
[PlyCount "105"]
[EventDate "2015.07.19"]
[EventType "swiss"]
[EventRounds "7"]
[EventCountry "GER"]
[SourceTitle "EXT 2018"]
[Source "ChessBase"]
[SourceDate "2017.10.13"]
[SourceVersion "1"]
[SourceVersionDate "2017.10.13"]
[SourceQuality "1"]

1. d4 c5 2. d5 e6 3. c4 exd5 4. cxd5 d6 5. Nc3 Nf6 6. e4 Be7 7. h3 0-0 8. Nf3 Re8 9. Bd3 Bd7 10. 0-0 Bf8 11. Bf4 a6 12. a4 Qc8 13. Nd2 Qc7 14. Nc4 b6 15. Qb3 a5 16. Qxb6 Qxb6 17. Nxb6 Ra7 18. Nc4 Na6 19. Nxd6 Bxd6 20. Bxd6 Rc8 21. e5 Ne8 22. Bxa6 Rxa6 23. Ne4 Bf5 24. Rfe1 Bxe4 25. Rxe4 Nxd6 26. exd6 Rxd6 27. Rd1 Rcd8 28. Kf1 Kf8 29. Ke2 Rxd5 30. Rxd5 Rxd5 31. Re3 f6 32. Rd3 Re5+ 33. Re3 Rg5 34. g3 Kf7 35. f4 Rd5 36. Rb3 Rd4 37. Rb7+ Kg6 38. b3 c4 39. b4 c3 40. bxa5 Rxa4 41. Rc7 Rxa5 42. Rxc3 h5 43. Kf3 h4 44. g4 Ra2 45. Re3 Rb2 46. Ke4 Rg2 47. Kf3 Rh2 48. Ke4 Rf2 49. Rf3 Rg2 50. Re3 Kf7 51. f5 g5 52. fxg6+ Kxg6 53. Rf3 1/2-1/2

[Event "Niedersachsen-ch Seniors 49th"]
[Site "Wesel Undeloh"]
[Date "2015.07.19"]
[Round "1"]
[White "Zotin, Vladimir"]
[Black "Adibekian, Roubik"]
[Result "0-1"]
[WhiteElo "1719"]
[BlackElo "2055"]
[PlyCount "65"]
[EventDate "2015.07.19"]
[EventType "swiss"]
[EventRounds "7"]
[EventCountry "GER"]
[SourceTitle "EXT 2018"]
[Source "ChessBase"]
[SourceDate "2017.10.13"]
[SourceVersion "1"]
[SourceVersionDate "2017.10.13"]
[SourceQuality "1"]

1. e4 d5 2. exd5 Nf6 3. Bb5+ Bd7 4. Bxd7+ Qxd7 5. c4 c6 6. dxc6 Nxc6 7. Nf3 e5 8. 0-0 Bd6 9. Nc3 0-0 10. d3 Rad8 11. Bg5 Be7 12. Bxf6 Bxf6 13. Nd5 Qf5 14. Qb3 Rd7 15. Rad1 Ne7 16. Nxe7+ Rxe7 17. Nd2 Rd7 18. Ne4 Be7 19. a3 Rfd8 20. h3 Qe6 21. Qc2 f5 22. Nc3 Bc5 23. b4 Bd4 24. Nd5 g5 25. Kh1 g4 26. Qe2 Rg7 27. h4 Qh6 28. g3 f4 29. Qe4 Rf8 30. Nxf4 Rxf4 31. gxf4 Qxh4+ 32. Kg1 g3 33. Kg2 0-1

[Event "Niedersachsen-ch op-A"]
[Site "Verden"]
[Date "2014.01.03"]
[Round "4"]
[White "Schmugge, Jens"]
[Black "Zotin, Vladimir"]
[Result "0-1"]
[WhiteElo "1631"]
[BlackElo "1870"]
[PlyCount "60"]
[EventDate "2014.01.02"]
[EventType "swiss"]
[EventRounds "7"]
[EventCountry "GER"]
[SourceTitle "EXT 2016"]
[Source "ChessBase"]
[SourceDate "2015.10.08"]
[SourceVersion "1"]
[SourceVersionDate "2015.10.08"]
[SourceQuality "1"]

1. e4 d5 2. exd5 Qxd5 3. Nc3 Qa5 4. Nf3 Nf6 5. d4 c6 6. Bd3 Bg4 7. 0-0 e6 8. Bf4 Nbd7 9. a3 Be7 10. Ne4 0-0 11. c3 Nxe4 12. Bxe4 Nf6 13. Bd3 c5 14. dxc5 Qxc5 15. Be3 Qc7 16. h3 Bh5 17. Qc2 Bxf3 18. gxf3 h6 19. Kh1 Qe5 20. f4 Qh5 21. Kg2 Rfd8 22. f5 Nd5 23. fxe6 Nxe3+ 24. fxe3 Qd5+ 25. Be4 Qxe6 26. Rf3 Rd6 27. c4 Bf6 28. Rg1 Rc8 29. b3 Rc7 30. Qf2 Qxe4 0-1

[Event "Hamburg St Pauli op-B"]
[Site "Hamburg"]
[Date "2013.07.10"]
[Round "6"]
[White "Zotin, Vladimir"]
[Black "Aufenanger, Christian"]
[Result "1-0"]
[WhiteElo "1876"]
[BlackElo "1700"]
[PlyCount "74"]
[EventDate "2013.07.06"]
[EventType "swiss"]
[EventRounds "9"]
[EventCountry "GER"]
[SourceTitle "EXT 2014"]
[Source "ChessBase"]
[SourceDate "2013.11.20"]
[SourceVersion "1"]
[SourceVersionDate "2013.11.20"]
[SourceQuality "1"]

1. e4 c6 2. d4 d5 3. Nd2 dxe4 4. Nxe4 Bf5 5. Ng3 Bg6 6. Nf3 Nf6 7. c3 e6 8. Ne5 Nbd7 9. Nxg6 hxg6 10. Bd3 Qc7 11. h3 Bd6 12. Ne4 Nxe4 13. Bxe4 Nf6 14. Bf3 0-0-0 15. Bg5 Qa5 16. Be3 Nd5 17. Bxd5 Qxd5 18. f3 Bg3+ 19. Bf2 Qg5 20. Qe2 e5 21. Kf1 exd4 22. cxd4 Rhe8 23. Qd3 Rd5 24. Rd1 Red8 25. h4 Qf4 26. Qe4 Qd6 27. Qg4+ f5 28. Qxg3 Qf6 29. Qg5 Qf7 30. h5 gxh5 31. Rxh5 Kb8 32. Rh7 R5d7 33. b3 f4 34. Re1 Rg8 35. Re4 Rf8 36. Rh4 Rfd8 37. Rhxf4 Qg8 1-0

[Event "Niedersachsen-ch Seniors 47th"]
[Site "Sottrum"]
[Date "2013.03.14"]
[Round "7"]
[White "Drechsel, Dieter"]
[Black "Zotin, Vladimir"]
[Result "0-1"]
[WhiteElo "1893"]
[BlackElo "1846"]
[PlyCount "48"]
[EventDate "2013.03.09"]
[EventType "swiss"]
[EventRounds "7"]
[EventCountry "GER"]
[SourceTitle "EXT 2023"]
[Source "ChessBase"]
[SourceDate "2022.10.05"]
[SourceVersion "1"]
[SourceVersionDate "2022.10.05"]
[SourceQuality "1"]

1. d4 Nf6 2. c4 e6 3. Nc3 Bb4 4. Qc2 c5 5. a3 Qa5 6. dxc5 Bxc3+ 7. Qxc3 Qxc3+ 8. bxc3 Na6 9. Be3 Ne4 10. Bd4 f6 11. f3 Nexc5 12. Bxc5 Nxc5 13. a4 Nb3 14. Ra3 Na5 15. e3 d6 16. Bd3 b6 17. Ne2 Ba6 18. Nd4 Ke7 19. Nb5 Rhc8 20. Be4 Bb7 21. Bxb7 Nxb7 22. Kf2 Rxc4 23. Rc1 a6 24. Nd4 Nc5 0-1

[Event "Niedersachsen-ch Seniors 47th"]
[Site "Sottrum"]
[Date "2013.03.12"]
[Round "4"]
[White "Zotin, Vladimir"]
[Black "Meyer, Irmin"]
[Result "1/2-1/2"]
[WhiteElo "1846"]
[BlackElo "1985"]
[PlyCount "93"]
[EventDate "2013.03.09"]
[EventType "swiss"]
[EventRounds "7"]
[EventCountry "GER"]
[SourceTitle "EXT 2023"]
[Source "ChessBase"]
[SourceDate "2022.10.05"]
[SourceVersion "1"]
[SourceVersionDate "2022.10.05"]
[SourceQuality "1"]

1. e3 d5 2. b3 f5 3. Bb2 Nf6 4. Nf3 e6 5. c4 Bd6 6. Qc2 0-0 7. Nc3 a6 8. cxd5 exd5 9. Rc1 c6 10. Na4 Ne4 11. Be2 Nd7 12. 0-0 Qc7 13. g3 Ne5 14. d3 Nf6 15. Bd4 Neg4 16. Kg2 Qe7 17. h3 Ne5 18. Nb6 Rb8 19. Bxe5 Bxe5 20. d4 Bc7 21. Nxc8 Rbxc8 22. Qxf5 Ne4 23. Qg4 Rce8 24. Bd3 Rf6 25. Bxe4 dxe4 26. Nd2 Rg6 27. Qf5 Rf6 28. Qc5 Bd6 29. Qc4+ Kh8 30. Rc2 Rg6 31. d5 Qe5 32. Kh1 cxd5 33. Qe2 h5 34. Rg1 h4 35. Nf1 hxg3 36. Rxg3 Rh6 37. Qg4 Qf6 38. f4 exf3 39. Rxf3 Qe7 40. Rcf2 Rh4 41. Qf5 Qe6 42. Kg2 Qxf5 43. Rxf5 d4 44. R2f3 b6 45. Rd5 Bc5 46. Kg3 dxe3 47. Nxe3 1/2-1/2

[Event "Niedersachsen-ch Seniors 47th"]
[Site "Sottrum"]
[Date "2013.03.11"]
[Round "3"]
[White "Fischer, Manfred3333"]
[Black "Zotin, Vladimir"]
[Result "1-0"]
[WhiteElo "1832"]
[BlackElo "1846"]
[PlyCount "101"]
[EventDate "2013.03.09"]
[EventType "swiss"]
[EventRounds "7"]
[EventCountry "GER"]
[SourceTitle "EXT 2023"]
[Source "ChessBase"]
[SourceDate "2022.10.05"]
[SourceVersion "1"]
[SourceVersionDate "2022.10.05"]
[SourceQuality "1"]

1. d4 Nf6 2. c4 e6 3. Nc3 Bb4 4. Nf3 c5 5. Qc2 Nc6 6. a3 Qa5 7. e3 cxd4 8. exd4 d5 9. Rb1 Bxc3+ 10. bxc3 0-0 11. Bd3 dxc4 12. Bxc4 e5 13. 0-0 exd4 14. Nxd4 Nxd4 15. cxd4 Qh5 16. Rb5 Qh4 17. Bg5 Qxd4 18. Rd1 Qe4 19. Bd3 Qc6 20. Rc5 Qb6 21. Bxf6 gxf6 22. Bxh7+ Kg7 23. Be4 Be6 24. Rb1 Qd6 25. Rc3 Rac8 26. Bxb7 Bf5 27. Rg3+ Qxg3 28. Qxf5 Qg6 29. Bxc8 Rxc8 30. Qxg6+ fxg6 31. Rb7+ Kh6 32. g3 a5 33. Rb5 a4 34. Rb4 Ra8 35. Kg2 Ra5 36. g4 g5 37. Kg3 Kg6 38. h4 gxh4+ 39. Kxh4 Kh6 40. f4 Ra6 41. Kg3 Kg6 42. Kf3 Ra7 43. Ke3 Kf7 44. Kd4 Ra5 45. Kc4 Kg6 46. Rb6 Kg7 47. Rb5 Ra7 48. Kb4 Kg6 49. Rb6 Kg7 50. Kb5 Kf7 51. Kc6 1-0

[Event "Niedersachsen-ch op-A"]
[Site "Verden"]
[Date "2013.01.03"]
[Round "1"]
[White "Finke, Maurice"]
[Black "Zotin, Vladimir"]
[Result "1/2-1/2"]
[WhiteElo "1938"]
[BlackElo "1876"]
[PlyCount "66"]
[EventDate "2013.01.03"]
[EventType "swiss"]
[EventRounds "7"]
[EventCountry "GER"]
[SourceTitle "EXT 2014"]
[Source "ChessBase"]
[SourceDate "2013.11.20"]
[SourceVersion "1"]
[SourceVersionDate "2013.11.20"]
[SourceQuality "1"]

1. d4 Nf6 2. c4 e6 3. Nc3 Bb4 4. Nf3 b6 5. e3 Bb7 6. Bd3 0-0 7. 0-0 Bxc3 8. bxc3 d6 9. Qe2 Ne4 10. Nd2 Nxc3 11. Qh5 f5 12. f3 Nd7 13. a4 Nf6 14. Qh4 Qe8 15. Ra3 Nxa4 16. Bc2 Bc6 17. e4 g6 18. d5 exd5 19. exf5 dxc4 20. Bxa4 Bxa4 21. Qxc4+ d5 22. Qxa4 Qxa4 23. Rxa4 gxf5 24. Bb2 c5 25. Ra6 d4 26. Rfa1 Nd5 27. Rxa7 Rxa7 28. Rxa7 Rf7 29. Ra8+ Rf8 30. Ra6 Re8 31. Kf2 Rb8 32. Ra7 Ne3 33. Ba1 Re8 1/2-1/2